000 00992nam a22002417a 4500
005 20240305165602.0
007 cr|||| ||||
008 210415s2020 co |||||s|||| 00||0 spa d
020 _a978-607-541-143-9
035 _a32805
040 _avLex
090 _c11468
_d11468
245 0 0 _aAgenda Penal CDMX
_h[Recurso electrónico] :
_bDiciembre de 2020
250 _aQuincuagésima edición
256 _aServicio en línea
260 _aCiudad de México:
_bEdiciones Fiscales ISEF,
_c2020
300 _a1 recurso electrónico
506 1 _aDisponible solo en los productos indicados
_dvLex Global
_dvLex Global (Academic Edition, excluding Law Schools)
_dvLex Global (U.S. Academic Edition, Law Schools)
_dvLex Global (U.S. Academic Edition, excluding Law Schools)
_dvLex Global (Academic Edition, Law Schools)
650 0 4 _aDerecho Penal
_zColombia
740 0 _avLex Libros (Servicio en línea)
856 4 0 _uhttps://vlex.com/source/agenda-penal-cdmx-2020-32805
942 _cRAA
999 _c169704
_d169704